| 000 | 00642nam a2200217Ia 4500 | ||
|---|---|---|---|
| 005 | 20250425162508.0 | ||
| 008 | 250425s9999 xx 000 0 und d | ||
| 041 | _aeng | ||
| 043 | _afr | ||
| 082 | _a595.3843 | ||
| 100 | _aBAYOT ARAUZ, BONNY | ||
| 245 | 0 | _aEPIDEMIOLOGY OF INFECTIOUS DISEASES IN CULTURES WHITE SHRIMP PENAEUS VANNAMEI, WITH EMPHASIS ON WHITE SPOT DISEASE | |
| 250 | _a1A ED. | ||
| 260 |
_aFrancia _bKATHOLIEKE UNIVERSITEIT LEUVEN FACULTEIT _c2006 |
||
| 300 | _a176 | ||
| 650 | _aCAMARON-ENFERMEDADES | ||
| 650 | _aMANCHA BLANCA-SINDROME BACULOVIRUS | ||
| 700 | _aOLLEVIER, F. | ||
| 942 | _c01 | ||
| 010 | _a78088 | ||
| 999 |
_c230363 _d230363 |
||